| 000 | 00602nam a22001697a 4500 | ||
|---|---|---|---|
| 005 | 20231208091151.0 | ||
| 008 | 231208b |||||||| |||| 00| 0 eng d | ||
| 020 | _a9780409017489 ; 9780409016284 | ||
| 041 | _aEnglish | ||
| 082 | _a349 BUT | ||
| 100 |
_aGosai, L _lEnglish |
||
| 245 |
_aButterworths Forms and Precedents : _bPublic Interest Law, Environmental Law, Gambling and Medical Schemes / _cL Gosai |
||
| 260 |
_aDurban : _bLexisNexis, _c2000 |
||
| 300 |
_bvii, _c26 cm. |
||
| 650 |
_aLegal practice _bLaw |
||
| 942 |
_cBK _6ALISON_BN_VRIES |
||
| 999 |
_c1168 _d1168 |
||